| 000 | 00594nam a2200181Ia 4500 | ||
|---|---|---|---|
| 008 | 100920s9999 xx 000 0 und d | ||
| 082 |
_b80713 _a891.43 थ 98 |
||
| 100 | _aअनु. पाल माधुरी./कर्णिक वी.बी. | ||
| 245 | _aएम. एन. राय. | ||
| 260 |
_bनेशनल बुक टस्ट्र, इंडिया. _c1998 |
||
| 300 |
_a92 _bसाधी |
||
| 365 | _b30 | ||
| 520 | _aहिंदी. | ||
| 630 | _aएम. एन. राय. | ||
| 650 | _aहिंदी. | ||
| 730 | _aएम. एन. राय. | ||
| 942 | _cBOOK | ||
| 999 |
_c721589 _d721586 |
||